000 01855nam a22002417a 4500
003 OSt
005 20250611153501.0
008 220914s1988 ck ||||gr|||| 00| f spa d
020 _a9586142817
040 _aCO-JMCR
_cCO-JMCR
041 _aspa
082 0 4 _aA-N
_bBEHn
100 1 _aBehar, Olga,
_eautora
_942390
245 1 0 _aNoches de humo :
_bcómo se planeó y ejecutó la toma del palacio de justicia /
_cOlga Behar
250 _aPrimera edición
260 _aBogotá :
_bPlaneta,
_c1988
300 _a235 páginas ;
_c21 cm.
490 0 _aColección documento
520 3 _a"¿Podré olvidar algún día, Dios mío?", se preguntó angustiada. No le sería posible. Almarales le había dicho dos horas antes de devolver la a la libertad, sólo una hora antes de morirse, "vas a salir, Mona, tu misión será decirle al mundo lo que ha pasado acá". No debía olvidar. Aunque en este momento necesitaba calmarse, recuperar el control, dejar de derramar lágrimas que surgían solas, sepultar en algún rincón de su cerebro esa película de terror, de la cual era ahora sobreviviente..." "Claudia seria por última vez Clara Helena Enciso. En adelante comenzaría a creer en los brujos indígenas del Cauca, en esos sabios de herencia precolombina que sabían cuándo la gente se Iba a morir. Y cambiaria su Identidad para converse en tantas y tantas mujeres, huiría y se escondería en tantos y tantos países. “Mucho gusto, mi nombre es Maria”; “Hola, me llamo Bertha y soy peruana”; “Soy Lucia, nací en Guatemala”. Hasta que un día regresó a los suyos, después de haber cicatrizado las heridas y les dijo: “Aquí estoy, de nuevo en la montaña. Ahora sólo existirá el futuro..." ".
650 1 4 _aToma del palacio de justicia
_y1985
_zBogotá
_942391
650 2 4 _aTerrorismo en Colombia
_942392
942 _2ddc
_cBK
999 _c29754
_d16138